000 00993namaa2200301 cb4500
001 BV005305351
003 DE-70
005 20250814110955.0
006 m|||| o||u| ||||||
007 tu
007 7
008 920527s1980 a||| |||| 00||| und d
020 _a9789004715172
_9978-90-04-71517-2
024 _a9789004715172
_a978-90-04-71517-2
040 _cRU-10907106
041 _aeng
100 _aAttia, Jalil (Hrsg.); Kahl, Oliver (Hrsg.); Kahl, Oliver (©·Ubersetzung)
_4aut
_966706
245 _aThe Foundation of Governance (Asās al-siyāsa)
_bA Mirror for Princes from the Late 12th Century CE
264 _aLeiden / Boston
_bBrill
_c2025
300 _a125 Seiten
336 _2rdacontent
_aText
_btxt
337 _2rdamedia
_aComputermedien
_bbc
338 _2rdacarrier
_aOnline Ressource
_bcr
490 _aIslamic Thought and History
_v2
500 _aE-Book / Zugriff nur im Lesesaal
856 _zVolltext
_uhttps://doi.org/10.1163/9789004715172
942 _cEB
_2z
999 _c72674
_d72674